000 00639cab a2200229 4500
001 WB3218-26
008 090401t1996 xxu||||| |||| 00| 0 eng d
035 _a(Sirsi) u57711
041 _aeng
245 _aRelease of a surety of valuation
260 _c1996
350 _a0
490 _aEstates Gazette
_v(9618) 4 May 1996, 103(1)
520 _aLooks at the issues to be considered when negotiating the variation of a lease.
650 _aLEASES
650 _aSURETIES
650 _aSURETY COVENANT
650 _aVARIATION OF LEASE
690 _aLANDLORD AND TENANT-BUSINESS TENANCIES
942 _n0
948 _c04/03/1997
999 _c35220
_d35220